[Event "SC Hiltrup 1 - Indische Dame Münster 1"]
[Site "Verbandsklasse 2019/2020"]
[Date "2020.01.18"]
[Round "5.1"]
[White "Frie, Michael"]
[Black "Junk, Phillip"]
[Result "0-1"]
[WhiteElo "1869"]
[BlackElo "1929"]
[PlyCount "54"]
[EventDate "2020.??.??"]
[SourceDate "2019.09.20"]

1. e4 e5 2. Nf3 Nc6 3. Bb5 a6 4. Ba4 d6 5. c3 Nf6 6. Bc2 Be7 7. O-O O-O 8. Re1
Re8 9. h3 Bf8 10. d4 h6 11. Nbd2 g6 12. Nc4 exd4 13. Nxd4 Nxd4 14. Qxd4 Bg7 15.
Qd1 b5 16. Ne3 Bb7 17. Ng4 Nxg4 18. Qxg4 Qf6 19. Be3 h5 20. Qg3 Bxe4 21. Bb3
Qf5 22. Rac1 Bb7 23. Bc2 Qe5 24. Bf4 Qxe1+ 25. Rxe1 Rxe1+ 26. Kh2 Rae8 27. Be3
R1xe3 0-1

[Event "SC Hiltrup 1 - Indische Dame Münster 1"]
[Site "Verbandsklasse 2019/2020"]
[Date "2020.01.18"]
[Round "5.2"]
[White "Voigt, Stefan"]
[Black "Knispel Roth, Martin"]
[Result "1/2-1/2"]
[WhiteElo "1733"]
[BlackElo "1863"]
[PlyCount "24"]
[EventDate "2020.??.??"]
[SourceDate "2019.09.20"]

1. e4 e6 2. d4 d5 3. Nc3 Bb4 4. e5 c5 5. Bd2 Ne7 6. a3 Bxc3 7. Bxc3 cxd4 8.
Qxd4 Nbc6 9. Qg4 Ng6 10. Nf3 Qb6 11. Bd3 Bd7 12. O-O O-O-O 1/2-1/2

[Event "SC Hiltrup 1 - Indische Dame Münster 1"]
[Site "Verbandsklasse 2019/2020"]
[Date "2020.01.18"]
[Round "5.3"]
[White "Glotzbach, Thomas"]
[Black "Tigranjan, Raphael"]
[Result "1-0"]
[WhiteElo "1777"]
[BlackElo "1665"]
[PlyCount "40"]
[EventDate "2020.??.??"]
[SourceDate "2019.09.20"]

1. e4 c6 2. d4 d5 3. e5 Bf5 4. Nf3 e6 5. Be2 Nd7 6. c3 Bxb1 7. Rxb1 c5 8. dxc5
Bxc5 9. O-O h6 10. Bd3 Ne7 11. Qc2 Nc6 12. Re1 Qc7 13. Qe2 O-O 14. Bc2 Rfe8 15.
Qd3 Nf8 16. Be3 b6 17. Qd2 Bxe3 18. Rxe3 Rac8 19. Bd3 Na5 20. b3 Qxc3 1-0

[Event "SC Hiltrup 1 - Indische Dame Münster 1"]
[Site "Verbandsklasse 2019/2020"]
[Date "2020.01.18"]
[Round "5.4"]
[White "Buchholz, Christian"]
[Black "Wichmann, Norbert"]
[Result "1-0"]
[WhiteElo "1650"]
[BlackElo "1750"]
[PlyCount "72"]
[EventDate "2020.??.??"]
[SourceDate "2019.09.20"]

1. e4 d6 2. d4 Nd7 3. Nf3 c6 4. c4 Qc7 5. Nc3 g6 6. Be3 Ngf6 7. h3 Bg7 8. Qd2
h6 9. Bd3 e5 10. d5 a6 11. Rc1 Qa5 12. O-O g5 13. a3 Qc7 14. b4 c5 15. bxc5
dxc5 16. Rb1 Qd6 17. Na4 b6 18. Rb3 b5 19. cxb5 c4 20. Bxc4 axb5 21. Bxb5 O-O
22. Qb4 Qxb4 23. Rxb4 Ba6 24. Bxd7 Bxf1 25. Bc6 Bxg2 26. Kxg2 Rab8 27. Nb6 Nh5
28. Nd7 Rxb4 29. axb4 Rc8 30. b5 Nf6 31. Nxf6+ Bxf6 32. b6 Be7 33. b7 Rf8 34.
Nxe5 Bd6 35. Nd7 Rd8 36. Bb6 Rf8 1-0

[Event "SC Hiltrup 1 - Indische Dame Münster 1"]
[Site "Verbandsklasse 2019/2020"]
[Date "2020.01.18"]
[Round "5.5"]
[White "Overesch, Dieter"]
[Black "Haves, Daniel"]
[Result "0-1"]
[WhiteElo "1734"]
[BlackElo "1640"]
[PlyCount "56"]
[EventDate "2020.??.??"]
[SourceDate "2019.09.20"]

1. d4 d6 2. Nf3 Nf6 3. Bg5 Nbd7 4. Nbd2 e5 5. e3 Be7 6. Bc4 e4 7. Ng1 d5 8. Bb3
O-O 9. Ne2 h6 10. Bh4 Nb6 11. h3 Ne8 12. Bg3 c6 13. c4 Bd6 14. Bxd6 Qxd6 15. c5
Qg6 16. cxb6 Qxg2 17. Nf4 Qxh1+ 18. Ke2 Qxd1+ 19. Rxd1 axb6 20. Rg1 Kh7 21. h4
Nf6 22. Nf1 g6 23. Ng3 Bg4+ 24. Ke1 g5 25. hxg5 hxg5 26. Nfe2 Kg6 27. a3 Rh8
28. Bc2 Bf3 0-1

[Event "SC Hiltrup 1 - Indische Dame Münster 1"]
[Site "Verbandsklasse 2019/2020"]
[Date "2020.01.18"]
[Round "5.6"]
[White "Junk, Andreas"]
[Black "Ter Veen, Michael"]
[Result "1-0"]
[WhiteElo "1728"]
[BlackElo "1658"]
[PlyCount "125"]
[EventDate "2020.??.??"]
[SourceDate "2019.09.20"]

1. e4 c5 2. Nc3 g6 3. f4 Bg7 4. Nf3 e6 5. e5 d5 6. Bb5+ Bd7 7. Bxd7+ Qxd7 8. d3
Ne7 9. O-O O-O 10. Qe1 b5 11. a4 b4 12. Ne2 a5 13. Ng3 Nbc6 14. Be3 d4 15. Bd2
Nd5 16. Ne4 Qe7 17. Nd6 f6 18. Nc4 fxe5 19. fxe5 Rf5 20. g4 Rff8 21. Bg5 Qc7
22. Qg3 h6 23. Bd2 Qe7 24. Rae1 g5 25. h4 Nf4 26. hxg5 hxg5 27. Nxg5 Qxg5 28.
Bxf4 Qg6 29. Qh4 Ra7 30. Qg5 Qxg5 31. Bxg5 Rxf1+ 32. Kxf1 Kf7 33. Kg2 Kg6 34.
Bh4 Rd7 35. b3 Rf7 36. Re2 Rf4 37. Kg3 Rf1 38. Rf2 Rxf2 39. Kxf2 Bxe5 40. Nxe5+
Nxe5 41. Kg3 Kf7 42. Bd8 Nc6 43. Bb6 Kf6 44. Bxc5 Kg5 45. Bd6 Kf6 46. Kf4 e5+
47. Ke4 Ke6 48. Bc7 Kf6 49. g5+ Kxg5 50. Bxe5 Kg6 51. Bxd4 Kf7 52. Bb6 Ke6 53.
d4 Kd6 54. Bc5+ Kc7 55. Kd5 Nd8 56. Kc4 Nb7 57. Kb5 Kd7 58. Kb6 Kc8 59. Be7 Kb8
60. d5 Kc8 61. d6 Kb8 62. d7 Nd8 63. Bxd8 1-0

[Event "SC Hiltrup 1 - Indische Dame Münster 1"]
[Site "Verbandsklasse 2019/2020"]
[Date "2020.01.18"]
[Round "5.7"]
[White "Dittberner, Markus"]
[Black "Vera, Antonio"]
[Result "1/2-1/2"]
[WhiteElo "1577"]
[BlackElo "1713"]
[PlyCount "65"]
[EventDate "2020.??.??"]
[SourceDate "2019.09.20"]

1. e4 c5 2. Nf3 d6 3. d4 cxd4 4. Nxd4 Nf6 5. Nc3 g6 6. Be3 Bg7 7. f3 O-O 8. Bc4
Nc6 9. Qd2 Bd7 10. O-O-O Rc8 11. Bb3 Ne5 12. Kb1 Nc4 13. Bxc4 Rxc4 14. Bh6 Nxe4
15. Nxe4 Rxd4 16. Qe3 Rxd1+ 17. Rxd1 a6 18. h4 Qa5 19. g4 Be6 20. b3 Rc8 21.
Bxg7 Kxg7 22. h5 d5 23. Qd4+ f6 24. Ng3 Qc5 25. Qd2 Bf7 26. Rh1 Qc3 27. Qe2 e5
28. Qg2 d4 29. Ne4 Qc6 30. Qh2 g5 31. Nxg5 fxg5 32. Qxe5+ Kh6 33. f4 1/2-1/2

[Event "SC Hiltrup 1 - Indische Dame Münster 1"]
[Site "Verbandsklasse 2019/2020"]
[Date "2020.01.18"]
[Round "5.8"]
[White "Jeromin, Rudolf Gustav"]
[Black "Everke, Enrique"]
[Result "0-1"]
[WhiteElo "1622"]
[BlackElo "1642"]
[PlyCount "54"]
[EventDate "2020.??.??"]
[SourceDate "2019.09.20"]

1. e4 c5 2. Nf3 e6 3. d4 cxd4 4. Nxd4 a6 5. a3 d6 6. Be3 Nf6 7. Nc3 b5 8. Bd3
Bb7 9. f3 Nbd7 10. O-O Be7 11. Qe2 O-O 12. f4 Nc5 13. Bf2 Qc7 14. e5 dxe5 15.
fxe5 Nd5 16. Nxd5 Bxd5 17. b4 Nd7 18. Bg3 Rad8 19. Nf3 Nb6 20. Nd2 Qc6 21. Rfc1
Nc4 22. Nb3 Bg5 23. Rf1 Ne3 24. Nd4 Qc3 25. Nf3 Nxf1 26. Nxg5 Nxg3 27. hxg3
Qxa1+ 0-1